[Event "FICGS rapid D 000056 email"]
[Site "FICGS email"]
[Date "2011.05.03"]
[Round "1"]
[White "Moody, David"]
[Black "Huxtable, Simon"]
[Result "0-1"]
[WhiteElo "1423"]
[BlackElo "1336"]
[PlyCount "30"]
[EventDate "2011.??.??"]
[EventType "tourn (rapid)"]
[EventRounds "6"]
[SourceTitle "Corr 2013"]
[Source "ChessBase"]
[SourceDate "2012.11.12"]
[SourceVersion "1"]
[SourceVersionDate "2012.11.12"]
[SourceQuality "1"]

1. e4 c6 2. d4 d5 3. exd5 cxd5 4. c4 Nf6 5. Nc3 e6 6. Nf3 Be7 7. cxd5 Nxd5 8. Ne5 0-0 9. Bd3 Nf6 10. 0-0 b6 11. Qf3 Nd5 12. Qh3 f5 13. Re1 Bf6 14. Nxd5 Qxd5 15. Be3 Bxe5 0-1

[Event "FICGS class D 000147 email"]
[Site "FICGS email"]
[Date "2010.04.28"]
[Round "1"]
[White "Abdelghani, Wael"]
[Black "Moody, David"]
[Result "1-0"]
[WhiteElo "1575"]
[BlackElo "1542"]
[PlyCount "29"]
[EventDate "2010.??.??"]
[EventType "tourn (corr)"]
[EventRounds "6"]
[SourceTitle "Corr 2013"]
[Source "ChessBase"]
[SourceDate "2012.11.12"]
[SourceVersion "1"]
[SourceVersionDate "2012.11.12"]
[SourceQuality "1"]

1. e4 e5 2. Nf3 Nc6 3. Bb5 a6 4. Ba4 Nf6 5. 0-0 Be7 6. c3 Nxe4 7. d4 exd4 8. Re1 d5 9. Ne5 0-0 10. Nxc6 bxc6 11. Bxc6 Bh4 12. Bxa8 Bxf2+ 13. Kf1 Qh4 14. Bxd5 Bg4 15. Rxe4 1-0

[Event "FICGS class D 000147 email"]
[Site "FICGS email"]
[Date "2010.04.28"]
[Round "1"]
[White "Moody, David"]
[Black "Gonet, Gerard"]
[Result "1-0"]
[WhiteElo "1542"]
[BlackElo "1600"]
[PlyCount "41"]
[EventDate "2010.??.??"]
[EventType "tourn (corr)"]
[EventRounds "6"]
[SourceTitle "Corr 2013"]
[Source "ChessBase"]
[SourceDate "2012.11.12"]
[SourceVersion "1"]
[SourceVersionDate "2012.11.12"]
[SourceQuality "1"]

1. Nc3 Nc6 2. e4 e6 3. d4 Bb4 4. d5 exd5 5. exd5 Qe7+ 6. Be2 Ne5 7. Be3 Nf6 8. Nf3 0-0 9. 0-0 Bxc3 10. bxc3 Qd6 11. c4 b5 12. c5 Nxf3+ 13. Bxf3 Qe5 14. Rb1 Rb8 15. Re1 d6 16. c6 Qc3 17. Bxa7 Ra8 18. Bd4 Qa3 19. Re7 Qxa2 20. Ra1 Qxa1 21. Bxa1 1-0

[Event "FICGS class D 000147 email"]
[Site "FICGS email"]
[Date "2010.04.28"]
[Round "1"]
[White "Nguyen, Hao Nhien"]
[Black "Moody, David"]
[Result "1-0"]
[WhiteElo "1497"]
[BlackElo "1542"]
[PlyCount "35"]
[EventDate "2010.??.??"]
[EventType "tourn (corr)"]
[EventRounds "6"]
[SourceTitle "Corr 2013"]
[Source "ChessBase"]
[SourceDate "2012.11.12"]
[SourceVersion "1"]
[SourceVersionDate "2012.11.12"]
[SourceQuality "1"]

1. c4 Nf6 2. Nc3 g6 3. Nf3 Bg7 4. g3 0-0 5. Bg2 d6 6. 0-0 e5 7. d3 Nc6 8. Rb1 a5 9. a3 h6 10. Bd2 Be6 11. Qc1 Kh7 12. b4 axb4 13. axb4 Ne7 14. Ne1 c6 15. Nc2 Nd7 16. f4 f5 17. e4 d5 18. cxd5 1-0

[Event "FICGS rapid C 000085 email"]
[Site "FICGS email"]
[Date "2010.04.17"]
[Round "1"]
[White "Moody, David"]
[Black "Hasyn, Thomas"]
[Result "0-1"]
[WhiteElo "1542"]
[BlackElo "1596"]
[PlyCount "24"]
[EventDate "2010.??.??"]
[EventType "tourn (rapid)"]
[EventRounds "6"]
[SourceTitle "Corr 2013"]
[Source "ChessBase"]
[SourceDate "2012.11.12"]
[SourceVersion "1"]
[SourceVersionDate "2012.11.12"]
[SourceQuality "1"]

1. e4 e6 2. d4 d5 3. Nc3 Bb4 4. a3 Bxc3+ 5. bxc3 dxe4 6. Qg4 Nf6 7. Qxg7 Rg8 8. Qh6 Nbd7 9. Nh3 b6 10. Bb5 Bb7 11. Bg5 Rg6 12. Qh4 h6 0-1

[Event "FICGS class D 000144 email"]
[Site "FICGS email"]
[Date "2010.03.27"]
[Round "1"]
[White "Moody, David"]
[Black "Flores, Luis"]
[Result "0-1"]
[WhiteElo "1542"]
[BlackElo "1515"]
[PlyCount "30"]
[EventDate "2010.??.??"]
[EventType "tourn (corr)"]
[EventRounds "1"]
[SourceTitle "Corr 2013"]
[Source "ChessBase"]
[SourceDate "2012.11.12"]
[SourceVersion "1"]
[SourceVersionDate "2012.11.12"]
[SourceQuality "1"]

1. Nf3 c5 2. e4 Nc6 3. d4 cxd4 4. Nxd4 Qb6 5. Nb3 Nf6 6. Nc3 e6 7. Be3 Qc7 8. Qd2 a6 9. 0-0-0 d6 10. Be2 Be7 11. f4 b5 12. Bf3 Nd7 13. f5 0-0 14. g4 Nce5 15. Be2 Bb7 0-1

[Event "FICGS rapid C 000083 email"]
[Site "FICGS email"]
[Date "2010.03.25"]
[Round "1"]
[White "Guisado, Francisco"]
[Black "Moody, David"]
[Result "1-0"]
[WhiteElo "1617"]
[BlackElo "1542"]
[PlyCount "45"]
[EventDate "2010.??.??"]
[EventType "tourn (rapid)"]
[EventRounds "1"]
[SourceTitle "Corr 2013"]
[Source "ChessBase"]
[SourceDate "2012.11.12"]
[SourceVersion "1"]
[SourceVersionDate "2012.11.12"]
[SourceQuality "1"]

1. d4 Nf6 2. c4 c5 3. d5 e6 4. Nc3 exd5 5. cxd5 d6 6. e4 g6 7. f4 Bg7 8. Bb5+ Nfd7 9. a4 0-0 10. Nf3 Na6 11. 0-0 Nc7 12. Bd3 Re8 13. Kh1 b6 14. Nd2 Ba6 15. Nc4 Bxc4 16. Bxc4 Bxc3 17. bxc3 Rxe4 18. Bd3 Re8 19. f5 Nxd5 20. fxg6 hxg6 21. Bxg6 fxg6 22. Qxd5+ Kh8 23. Bg5 1-0

[Event "FICGS rapid C 000083 email"]
[Site "FICGS email"]
[Date "2010.03.25"]
[Round "1"]
[White "Moody, David"]
[Black "Oraha, Zaki"]
[Result "1-0"]
[WhiteElo "1542"]
[BlackElo "1643"]
[PlyCount "35"]
[EventDate "2010.??.??"]
[EventType "tourn (rapid)"]
[EventRounds "1"]
[SourceTitle "Corr 2013"]
[Source "ChessBase"]
[SourceDate "2012.11.12"]
[SourceVersion "1"]
[SourceVersionDate "2012.11.12"]
[SourceQuality "1"]

1. e4 e6 2. d4 d5 3. Nc3 Nf6 4. Bg5 Be7 5. e5 Nfd7 6. h4 h6 7. Bxe7 Qxe7 8. Qg4 0-0 9. f4 c5 10. Nf3 Nc6 11. 0-0-0 a6 12. Rh3 f5 13. Qg6 Rf7 14. Ng5 hxg5 15. hxg5 Nf8 16. Qh5 Rf6 17. gxf6 Qd7 18. f7+ 1-0

[Event "FICGS class D 000141 email"]
[Site "FICGS email"]
[Date "2010.02.02"]
[Round "1"]
[White "Cridland, Graham M"]
[Black "Moody, David"]
[Result "0-1"]
[WhiteElo "1479"]
[BlackElo "1560"]
[PlyCount "32"]
[EventDate "2010.??.??"]
[EventType "tourn (corr)"]
[EventRounds "1"]
[SourceTitle "Corr 2013"]
[Source "ChessBase"]
[SourceDate "2012.11.12"]
[SourceVersion "1"]
[SourceVersionDate "2012.11.12"]
[SourceQuality "1"]

1. e4 e5 2. Nf3 Nc6 3. Bb5 a6 4. Ba4 Nf6 5. 0-0 Be7 6. Re1 b5 7. Bb3 0-0 8. h3 Bb7 9. a4 d5 10. exd5 Nxd5 11. Nxe5 Nxe5 12. Rxe5 Nf4 13. f3 Bd6 14. Re1 Qg5 15. g4 Qh4 16. d4 Qg3+ 0-1

[Event "FICGS class D 000141 email"]
[Site "FICGS email"]
[Date "2010.02.02"]
[Round "1"]
[White "Moody, David"]
[Black "Boucher, Brice Quentin"]
[Result "0-1"]
[WhiteElo "1560"]
[BlackElo "1410"]
[PlyCount "26"]
[EventDate "2010.??.??"]
[EventType "tourn (corr)"]
[EventRounds "1"]
[SourceTitle "Corr 2013"]
[Source "ChessBase"]
[SourceDate "2012.11.12"]
[SourceVersion "1"]
[SourceVersionDate "2012.11.12"]
[SourceQuality "1"]

1. e4 c5 2. Nf3 e6 3. d4 cxd4 4. Nxd4 a6 5. f4 Qc7 6. Qf3 Nf6 7. Nc3 d6 8. Be3 Be7 9. 0-0-0 b5 10. Ndxb5 axb5 11. Bxb5+ Nbd7 12. e5 Bb7 13. Qf2 Nd5 0-1

[Event "FICGS class D 000132 email"]
[Site "FICGS email"]
[Date "2009.09.16"]
[Round "1"]
[White "Moody, David"]
[Black "Ruano, Pablo"]
[Result "0-1"]
[WhiteElo "1517"]
[BlackElo "1565"]
[PlyCount "88"]
[EventDate "2009.??.??"]
[EventType "tourn (corr)"]
[EventRounds "6"]
[SourceTitle "Corr 2022"]
[Source "ChessBase"]
[SourceDate "2021.10.24"]
[SourceVersion "1"]
[SourceVersionDate "2021.10.24"]
[SourceQuality "1"]

1. e4 c5 2. Nf3 g6 3. d4 cxd4 4. Nxd4 Bg7 5. c4 Bxd4 6. Qxd4 Nf6 7. Nc3 Nc6 8. Qd1 d6 9. Be2 e5 10. Bg5 Be6 11. Nd5 Bxd5 12. cxd5 Nd4 13. 0-0 h6 14. Be3 Nxe2+ 15. Qxe2 Nxe4 16. Bxa7 Rxa7 17. Qxe4 Qb6 18. Qe3 Qxe3 19. fxe3 f5 20. Rfc1 0-0 21. Rc7 Rf7 22. Rc8+ Kg7 23. b4 Ra3 24. Kf2 f4 25. e4 Re3 26. Rd8 Rf6 27. Rd7+ Rf7 28. Rxd6 Rxe4 29. Re6 Rd7 30. Re1 Rxe1 31. Kxe1 Rxd5 32. Re7+ Kf6 33. Rxb7 Kf5 34. a4 Rd3 35. a5 Ra3 36. Rb6 Ra1+ 37. Kf2 Ra2+ 38. Kf1 Ke4 39. Rc6 Ke3 40. Rc3+ Kd2 41. Rb3 e4 42. Rb1 e3 43. b5 Rxa5 44. b6 Rb5 0-1

[Event "FICGS rapid D 000025 email"]
[Site "FICGS email"]
[Date "2009.07.27"]
[Round "1"]
[White "Caeiro, Pedro"]
[Black "Moody, David"]
[Result "1/2-1/2"]
[WhiteElo "1400"]
[BlackElo "1484"]
[PlyCount "149"]
[EventDate "2009.??.??"]
[EventType "tourn (rapid)"]
[EventRounds "5"]
[SourceTitle "Corr 2022"]
[Source "ChessBase"]
[SourceDate "2021.10.24"]
[SourceVersion "1"]
[SourceVersionDate "2021.10.24"]
[SourceQuality "1"]

1. e4 e5 2. Nf3 Nc6 3. d4 exd4 4. Nxd4 Bc5 5. Be3 Qf6 6. c3 Nge7 7. Bc4 b6 8. 0-0 Bb7 9. Nb5 0-0-0 10. Bxc5 bxc5 11. f3 a6 12. N5a3 d5 13. exd5 Ne5 14. Nd2 Nxc4 15. Naxc4 Nxd5 16. Qb3 Nb6 17. Rae1 Bd5 18. Nxb6+ cxb6 19. Qa3 Bb7 20. Ne4 Qc6 21. b4 c4 22. Rf2 Rd3 23. Qc1 Rhd8 24. Rd2 Qd7 25. Rxd3 Qxd3 26. a4 Bxe4 27. Rxe4 Qd1+ 28. Qxd1 Rxd1+ 29. Kf2 b5 30. axb5 axb5 31. Re5 Rd3 32. Rxb5 Rxc3 33. Rc5+ Kd7 34. b5 Rb3 35. Rxc4 Rxb5 36. Re4 Rb2+ 37. Kg3 Ra2 38. h4 Ra6 39. Kf4 Rf6+ 40. Kg3 Rg6+ 41. Kh3 Re6 42. Ra4 Kd6 43. g4 Re1 44. Kg3 Ke5 45. Ra5+ Ke6 46. h5 Rd1 47. f4 Rg1+ 48. Kh4 Rh1+ 49. Kg3 Rg1+ 50. Kf3 Rf1+ 51. Ke3 Re1+ 52. Kf2 Rh1 53. Re5+ Kd6 54. Re8 f5 55. Rg8 fxg4 56. Rxg7 Rxh5 57. Rxg4 Ke6 58. Kg3 Rh1 59. Rg5 Rg1+ 60. Kh4 Rh1+ 61. Kg3 Rg1+ 62. Kh3 Rxg5 63. fxg5 Kf5 64. Kh4 Kg6 65. Kg4 h5+ 66. Kh4 Kg7 67. Kxh5 Kh7 68. g6+ Kg7 69. Kg5 Kg8 70. Kf5 Kg7 71. Kg5 Kg8 72. Kf6 Kf8 73. Ke6 Kg7 74. Kf5 Kg8 75. Kf6 1/2-1/2

[Event "FICGS rapid D 000025 email"]
[Site "FICGS email"]
[Date "2009.07.27"]
[Round "1"]
[White "Moody, David"]
[Black "Cridland, Graham M"]
[Result "1-0"]
[WhiteElo "1484"]
[BlackElo "1489"]
[PlyCount "29"]
[EventDate "2009.??.??"]
[EventType "tourn (rapid)"]
[EventRounds "5"]
[SourceTitle "Corr 2022"]
[Source "ChessBase"]
[SourceDate "2021.10.24"]
[SourceVersion "1"]
[SourceVersionDate "2021.10.24"]
[SourceQuality "1"]

1. Nc3 Nf6 2. d4 c6 3. e4 d6 4. f4 Qa5 5. Bd2 Qb6 6. Nf3 Nbd7 7. Bc4 Qc7 8. Qe2 e5 9. dxe5 dxe5 10. Ng5 exf4 11. Nxf7 Bc5 12. e5 Ng4 13. Qxg4 Nxe5 14. Qxg7 Rf8 15. Qxe5+ 1-0

[Event "FICGS no engines 00 email"]
[Site "FICGS email"]
[Date "2009.04.03"]
[Round "1"]
[White "Moko, Seth"]
[Black "Moody, David"]
[Result "0-1"]
[WhiteElo "1028"]
[BlackElo "1426"]
[PlyCount "54"]
[EventDate "2009.??.??"]
[EventType "swiss (corr)"]
[EventRounds "1"]
[SourceTitle "Corr 2022"]
[Source "ChessBase"]
[SourceDate "2021.10.24"]
[SourceVersion "1"]
[SourceVersionDate "2021.10.24"]
[SourceQuality "1"]

1. d4 Nf6 2. Bf4 c5 3. c3 g6 4. Nf3 cxd4 5. cxd4 Bg7 6. e3 0-0 7. Bd3 d6 8. 0-0 Nc6 9. Nbd2 e5 10. dxe5 dxe5 11. Nxe5 Nxe5 12. Bb5 Nd3 13. Bg5 Qd5 14. Bxf6 Qxb5 15. b3 Bxf6 16. Rb1 Be6 17. f3 Rfd8 18. Ne4 Bg7 19. Ng5 Qxg5 20. f4 Nxf4 21. Qf3 Qxg2+ 22. Qxg2 Nxg2 23. Kxg2 Rd2+ 24. Kg1 Rc8 25. e4 Rcc2 26. a4 Rg2+ 27. Kh1 Rxh2+ 0-1

[Event "FICGS no engines 00 email"]
[Site "FICGS email"]
[Date "2009.04.03"]
[Round "1"]
[White "Moody, David"]
[Black "Biro, Istvan"]
[Result "0-1"]
[WhiteElo "1426"]
[BlackElo "1800"]
[PlyCount "36"]
[EventDate "2009.??.??"]
[EventType "swiss (corr)"]
[EventRounds "1"]
[SourceTitle "Corr 2022"]
[Source "ChessBase"]
[SourceDate "2021.10.24"]
[SourceVersion "1"]
[SourceVersionDate "2021.10.24"]
[SourceQuality "1"]

1. e4 c6 2. d4 d5 3. exd5 cxd5 4. Bd3 Nc6 5. c3 Qc7 6. Ne2 Bg4 7. f3 Bd7 8. Bf4 e5 9. dxe5 Nxe5 10. Bc2 Nf6 11. Qd4 Bd6 12. Nd2 0-0 13. 0-0-0 Rfe8 14. Rhe1 Bc5 15. Bxe5 Rxe5 16. Qh4 Rae8 17. Ng1 Rxe1 18. Rxe1 Rxe1+ 0-1

[Event "FICGS no engines 00 email"]
[Site "FICGS email"]
[Date "2009.04.03"]
[Round "1"]
[White "Moody, David"]
[Black "Vanhorn, Chris"]
[Result "1-0"]
[WhiteElo "1426"]
[BlackElo "1354"]
[PlyCount "27"]
[EventDate "2009.??.??"]
[EventType "swiss (corr)"]
[EventRounds "1"]
[SourceTitle "Corr 2022"]
[Source "ChessBase"]
[SourceDate "2021.10.24"]
[SourceVersion "1"]
[SourceVersionDate "2021.10.24"]
[SourceQuality "1"]

1. e4 d5 2. Nc3 Nf6 3. e5 Ne4 4. Nce2 e6 5. d4 Qh4 6. g3 Nxf2 7. Kxf2 Qh5 8. Be3 g5 9. Bg2 f6 10. exf6 Bg7 11. fxg7 Rg8 12. h4 Qf7+ 13. Ke1 Rxg7 14. Bxg5 1-0

[Event "FICGS class E 000100 email"]
[Site "FICGS email"]
[Date "2009.01.19"]
[Round "1"]
[White "Higuita, Henry"]
[Black "Moody, David"]
[Result "1-0"]
[WhiteElo "1505"]
[BlackElo "1547"]
[PlyCount "41"]
[EventDate "2009.??.??"]
[EventType "tourn (corr)"]
[EventRounds "5"]
[SourceTitle "Corr 2022"]
[Source "ChessBase"]
[SourceDate "2021.10.24"]
[SourceVersion "1"]
[SourceVersionDate "2021.10.24"]
[SourceQuality "1"]

1. e4 e5 2. Nf3 Nc6 3. Bc4 Nf6 4. d3 d6 5. a3 Be7 6. h3 0-0 7. 0-0 Be6 8. Ba2 Bxa2 9. Rxa2 d5 10. exd5 Nxd5 11. Ra1 f5 12. c4 Nf6 13. b4 e4 14. dxe4 Nxe4 15. Qxd8 Raxd8 16. Bb2 Bf6 17. Bxf6 Rxf6 18. Ra2 Rfd6 19. Rb2 Kf7 20. Re1 Rd3 21. b5 1-0

[Event "FICGS class E 000100 email"]
[Site "FICGS email"]
[Date "2009.01.19"]
[Round "1"]
[White "Moody, David"]
[Black "Engo, Arne Sigvald"]
[Result "1-0"]
[WhiteElo "1547"]
[BlackElo "1216"]
[PlyCount "41"]
[EventDate "2009.??.??"]
[EventType "tourn (corr)"]
[EventRounds "5"]
[SourceTitle "Corr 2022"]
[Source "ChessBase"]
[SourceDate "2021.10.24"]
[SourceVersion "1"]
[SourceVersionDate "2021.10.24"]
[SourceQuality "1"]

1. e4 e5 2. Nf3 Nc6 3. Bb5 d6 4. d4 exd4 5. Bxc6+ bxc6 6. Qxd4 Ba6 7. Nc3 c5 8. Qa4+ Qd7 9. Qxa6 g6 10. Bg5 h6 11. Qb7 Rc8 12. Bh4 Bg7 13. e5 g5 14. Bg3 Ne7 15. 0-0-0 Nf5 16. exd6 0-0 17. dxc7 Bd4 18. Nb5 Qe6 19. Nfxd4 Qb6 20. Qxb6 axb6 21. Nxf5 1-0

[Event "FICGS no engines 00 email"]
[Site "FICGS email"]
[Date "2008.09.17"]
[Round "1"]
[White "Bromo, Alexis"]
[Black "Moody, David"]
[Result "0-1"]
[WhiteElo "1460"]
[BlackElo "1527"]
[PlyCount "38"]
[EventDate "2008.??.??"]
[EventType "swiss (corr)"]
[EventRounds "1"]
[SourceTitle "Corr 2022"]
[Source "ChessBase"]
[SourceDate "2021.10.24"]
[SourceVersion "1"]
[SourceVersionDate "2021.10.24"]
[SourceQuality "1"]

1. e4 e5 2. Nf3 Nc6 3. Bb5 a6 4. Ba4 Nf6 5. 0-0 Be7 6. Re1 b5 7. Bb3 0-0 8. c3 d5 9. exd5 Nxd5 10. d4 exd4 11. Nxd4 Nxd4 12. Qxd4 Bb7 13. Nd2 Bf6 14. Qd3 Nf4 15. Qxd8 Raxd8 16. f3 Nd3 17. Re2 Rfe8 18. Rxe8+ Rxe8 19. Kf1 Re1# 0-1

[Event "FICGS no engines 00 email"]
[Site "FICGS email"]
[Date "2008.09.17"]
[Round "1"]
[White "Moody, David"]
[Black "Harris, Cal"]
[Result "1-0"]
[WhiteElo "1527"]
[BlackElo "1455"]
[PlyCount "27"]
[EventDate "2008.??.??"]
[EventType "swiss (corr)"]
[EventRounds "1"]
[SourceTitle "Corr 2022"]
[Source "ChessBase"]
[SourceDate "2021.10.24"]
[SourceVersion "1"]
[SourceVersionDate "2021.10.24"]
[SourceQuality "1"]

1. e4 e5 2. Nf3 Nc6 3. d4 exd4 4. Bc4 a6 5. 0-0 Nh6 6. Nxd4 Nxd4 7. Qxd4 c6 8. Bxh6 Rg8 9. Bf4 Be7 10. Nc3 d5 11. exd5 cxd5 12. Nxd5 Be6 13. Nc7+ Qxc7 14. Bxc7 1-0

[Event "FICGS no engines 00 email"]
[Site "FICGS email"]
[Date "2008.09.17"]
[Round "1"]
[White "Neil, Charles"]
[Black "Moody, David"]
[Result "0-1"]
[WhiteElo "1050"]
[BlackElo "1527"]
[PlyCount "92"]
[EventDate "2008.??.??"]
[EventType "swiss (corr)"]
[EventRounds "1"]
[SourceTitle "Corr 2022"]
[Source "ChessBase"]
[SourceDate "2021.10.24"]
[SourceVersion "1"]
[SourceVersionDate "2021.10.24"]
[SourceQuality "1"]

1. e4 e5 2. Nf3 Nc6 3. Bb5 a6 4. Bxc6 dxc6 5. 0-0 Qd6 6. d4 exd4 7. Qxd4 Qxd4 8. Nxd4 Bd7 9. Bf4 0-0-0 10. Nb3 Ne7 11. Nc3 Ng6 12. Bg3 Be7 13. Rad1 Bf6 14. Rd3 Rhe8 15. Rfd1 Ne5 16. Bxe5 Bxe5 17. Nc5 Bg4 18. f3 Bxc3 19. Rxd8+ Rxd8 20. Rxd8+ Kxd8 21. bxc3 Bc8 22. Kf2 b6 23. Nd3 f6 24. Ke3 Ke7 25. Kf4 Kd6 26. a3 Be6 27. e5+ fxe5+ 28. Ke4 g6 29. Nxe5 Bf5+ 30. Kf4 Bxc2 31. h4 Bb3 32. Nd3 c5 33. Kg5 b5 34. Kh6 a5 35. Kxh7 Bc2 36. Nb2 b4 37. axb4 a4 38. Nxa4 g5+ 39. Kh6 Bxa4 40. Kxg5 cxb4 41. h5 bxc3 42. h6 c2 43. h7 c1Q+ 44. Kg6 Bc2+ 45. Kg7 Ke7 46. h8Q Qg5# 0-1